الصناعات الشعبية في مصر
محفوظ في:
المؤلف الرئيسي:
التنسيق: كتاب
اللغة: Undetermined
منشور في:
Cairo :
dar almaearifi,
1957.
الوسوم: إضافة وسم
لا توجد وسوم, كن أول من يضع وسما على هذه التسجيلة!
رقم الطلب: NK1083 .K43
| LEADER | 00398nam a2200133Ia 4500 | ||
|---|---|---|---|
| 008 | 240329s9999||||xx |||||||||||||| ||und|| | ||
| 050 | 4 | |a NK1083 .K43 | |
| 100 | 1 | |a الخادم، سعد،. | |
| 245 | 1 | 0 | |a الصناعات الشعبية في مصر |c الخادم، سعد، |
| 264 | 1 | |a Cairo : |b dar almaearifi, |c 1957. | |
| 300 | |a 208 |c 20 CM | ||
| 500 | |a Arab Union Catalog | ||
| 942 | |2 lcc |c BK | ||
| 999 | |c 57600 |d 57600 | ||
